000
00225 a2200097 4500
001
37955
100
_a
Lynch U M
245
_a
The politics of untouchability
260
_a
USA
_b
Columbia University
_c
090
_c
24134
_d
24134
942
_a
NUST-CAE
_c
M
_c
15708
999
_c
273028
_d
273028